1571 1844 1634 1147 1769 1513 1884 1823 1952 1038 1147 1302 1689 1499 1994 1695 1203 1048 1401 1648 1192 1072 1290 1245 1735 1781 1620 1627 1618 1779 1663 1176 1010 1703 1421 1580 1511 1689 1549 1042 1218 1165 1906 1145 1917 1135 1397 1445 1536 1818 1497 1571 1051 1809 1194 1883 1675 1250 1840 1103 1319 1336 1551 1123 1928 1044 1339 1432 1877 1991 1092 1484 1922 1346 1129 1517 1690 1164 1634 1328 1228 1987 1989 1959 1660 1937 1823 1518 1154 1506 1315 1732 1877 1245 1183 1072 1946 1981 1478 BCNSPRNW ULIB Ver.6.0+V

เปลี่ยนเป็นภาษาไทย

Change to English
 แสดงรายละเอียดบรรณานุกรม
  กลับหน้าหลัก

Brief Record : Get Marc (ISO 2709) : E-mail record : QR code < ปิดหน้าต่าง
LEADER : 00000nam 2200000uu 4500
001    13399113937
003     ULIB
008    110320s||||||||th 000 0 tha d
099    วจ.WM172^bพ722ค
100 0  พิมพิมล วงศ์ไชยา
245 00 ความวิตกกังวลและควา่มรู้สึกเป็นส่วนหนึ่งในคลีนิคของนักศึกษาพยาบาลศาสตร์ขณะฝึกปฏิบัติวิชาสุขภาพจิตและการพยาบาลจิตเวช/^cพิมพิมล วงศ์ไชยา,ชุลีพร ภูโสภา,คอย ละอองอ่อน,นันทิกา อนันต์ชัยพัทธนา และ Chao Ming-Ling
260    พะเยา :^bวิทยาลัยพยาบาลบรมราชชนนี พะเยา,^c2553
300    44 หน้า :^bตาราง
500    รายงานการวิจัย
650  7 ความวิตกกังวล^xนักศึกษาพยาบาล^xวิจัย
700 0  ชุลีพร ภูโสภา
700 0  คอย ละอองอ่อน
700 0  นันทิกา อนันต์ชัยพัทธนา
700 1  Chao Ming-Ling
710 2  วิทยาลัยพยาบาลบรมราชชนนี. ^bพะเยา
945    ^p0^l0^i030968
995    ทศพร
999 ^a ใช้งานได้ทุกระบบ
รายการนี้ยังไม่มีแท็ก
คุณยังไม่ได้ล็อกอิน คุณสามารถมีกิจกรรมร่วมกับเว็บไซต์ได้ แต่ต้องล็อกอินก่อน ::
  ล็อกอิน

รายการสื่อสารสนเทศ

ลำดับที่ ประเภท เลขเรียก/บาร์โค้ด สถานที่ สถานะ
1. งานวิจัย
งานวิจัย
วจ.WM172 พ722ค ฉ.1 
  Barcode: 030968
ห้องสมุดวิทยาเขตสวรรค์ประชารักษ์
►วิจัย
บนชั้น

รายการใกล้เคียง
    ผู้แต่ง [พิมพิมล วงศ์ไชยา]

BibComment


ยังไม่เคยถูกคอมเมนท์

คอมเมนท์ทรัพยากรรายการนี้
  คอมเมนท์: ความวิตกกังวลและค..


 Copyright 2026. Bcnsprnw @Library